Clicca per tradurre - Latino - Statistics

Statistiche generali
  • Questo quiz è stato fatto 126 volte
  • Il punteggio medio è 17 su 20
Statistiche sulle risposte
Hint Risposta % Corretto
Lago Lacus
96%
Voce Vox
96%
Acqua Aqua
95%
Madre Mater
95%
Lupo Lupus
94%
Maestro Magister
94%
Verità Veritas
94%
Albero Arbor
93%
Avido Avarus
92%
Cento Centum
92%
Ciao Salve
92%
Gatto Feles
90%
Paese Patria
89%
Casa Domus
87%
Pensare Cogita
77%
Blu Caeruleum
75%
Rapidamente Celeriter
75%
Pertanto Ergo
75%
Cosa Quid
61%
Questo Hoc
58%
Nessun quiz corrispondente trovato
Distribuzione punteggi
Percentuale di utenti per punteggio
Percentile per numero di risposta
I tuoi punteggi nel tempo
Non hai fatto questo quiz